Jurassic World Adventure - Statistics

General Stats
  • This quiz has been taken 13 times
  • The average score is 5 of 10
Answer Stats
Hint Answer % Correct
This dinosaur was created by Dr. Wu. Indominus-Rex
100%
The most famous dinosaur in Jurassic World. TREX
100%
What dinosaur in Jurassic Park stood up to eat leaves? Brachiosaurus
67%
Which dinosaur in Jurassic World Fallen Kingdom is in a mansion? Indoraptor
67%
Which dinosaur swims and can live on land? Spinosaurus
56%
Which flying reptile picked up people in Jurassic World? Pteranodon
44%
Dinosaur that lives in Camp Cretaceous, and is venomous. Scorpius-Rex
22%
What is the biggest dinosaur in Jurassic World Dominion? Dreaghtnotus
0%
This dinosaur faced off the T-Rex and Therizinosaurus. Gigantosaurus
0%
This is the biggest Jurassic Park dinosaur. Menmenchisaurus
0%
No matching quizzes found
Score Distribution
Percent of People with Each Score
Percentile by Number Answered
Your Score History
You have not taken this quiz